Certifikace nás nemine.

Aby sa čs. výrobcovia mohli po r. 1993 uplatniť na spoločnom trhu ES, musia byť schopní dodržiavať prijaté pravidlá tohto trhu, včítane prijatých európskych noriem radu 45000. Ochranou spotrebiteľa pred výrobkom pochybnej akosti je certifikácia a certifikát. Západní odberatelia budú spolupracovať le...

ver descrição completa

Na minha lista:
Detalhes bibliográficos
Autor principal: Sedláček, J.
Formato: Capítulo de Livro
Idioma:tcheco
Assuntos:
Tags: Adicionar Tag
Sem tags, seja o primeiro a adicionar uma tag!

MARC

LEADER 00000naa a2200000 4500
001 r004332
005 20221125075946.3
041 0 |a cze 
044 |a [CS] 
245 1 0 |a Certifikace nás nemine.  |c J. Sedláček 
520 |a Aby sa čs. výrobcovia mohli po r. 1993 uplatniť na spoločnom trhu ES, musia byť schopní dodržiavať prijaté pravidlá tohto trhu, včítane prijatých európskych noriem radu 45000. Ochranou spotrebiteľa pred výrobkom pochybnej akosti je certifikácia a certifikát. Západní odberatelia budú spolupracovať len s firmami, ktoré majú certifikovaný systém akosti. 
610 2 0 |a kvalita výrobkov 
610 2 0 |a kontrola kvality 
610 2 0 |a ochrana spotrebiteľa 
610 2 0 |a trh 
610 2 0 |a ČSFR 
610 2 0 |a certifikácia 
100 1 |a Sedláček, J.